Lecciones de psicología pedagógica e infantil
Uloženo v:
| Hlavní autor: | |
|---|---|
| Médium: | Kniha |
| Jazyk: | španělština |
| Vydáno: |
Buenos Aires
El Ateneo
1958
|
| Vydání: | 5a. ed |
| Témata: | |
| Tagy: |
Přidat tag
Žádné tagy, Buďte první, kdo vytvoří štítek k tomuto záznamu!
|
MARC
| LEADER | 00000nam a2200000 a 4500 | ||
|---|---|---|---|
| 001 | UCY7689 | ||
| 003 | CL-VaPUC | ||
| 008 | 950616e19580000AG |||||||||||||||||spa|d | ||
| 082 | 0 | 4 | |a 159.95 |b FIN |2 21 |
| 100 | 0 | |a Fingermann, Gregorio |e author |9 338386 | |
| 245 | 1 | 0 | |a Lecciones de psicología pedagógica e infantil |
| 250 | |a 5a. ed | ||
| 300 | |a 408 p | ||
| 942 | |c BK | ||
| 945 | |d 19950616 00:00:00 |a cmena | ||
| 260 | |a Buenos Aires |b El Ateneo |c 1958 | ||
| 650 | 0 | |a Psicología del niño |9 307305 | |
| 650 | 0 | |a Psicología educacional |9 307830 | |
| 650 | 0 | |a Psicología del desarrollo |9 307541 | |
| 650 | 7 | |a PSICOSOCIOLOGIA EDUCACIONAL |2 CL-VaPUC |9 338387 | |
| 583 | |a last modification |c 19950616 00:00:00 |k Rodrigo Vera | ||
| 999 | |c 235018 |d 235016 | ||
| 952 | |0 0 |1 0 |4 0 |6 159_950000000000000_FIN_1958 |7 0 |8 P |9 242103 |a BIBEDU |b BIBEDU |c BIBEDU_PB |d 2019-11-18 |i 1521098 |o 159.95 FIN 1958 |p 1521098 |r 2024-01-25 |w 2019-11-18 |y BK |k EDU | ||